000
00214 a2200097 4500
001
13873
100
_a
Baring M
245
_a
An Outline of Russian Literature
260
_a
London
_b
Oxford
_c
090
_c
10843
_d
10843
942
_a
NUST-CAE
_c
M
_c
940
999
_c
248946
_d
248946